00651nam a22001695i 4500001000700000003000900007005001700016008004100033040003000074100002700104245012300131260006100254300003800315600004700353650000600400852007500406167544ES-MaACL20250511122604.0000727s1881 sp af |||| | spa d aCCPB | B bspa cCCPB | B1 aVilar y Pascual, Luis.10aHistoria genealógica, heráldica y biográfica del gran Calderon de la Barca / cescrita por Luis Vilar y Pascual. aMadrid : b[s.n.], c1881 (fimprenta de J. M. Lapuente) a56 p., [1] h. de grab. ; c23 cm.14aCalderón de la Barca, Pedro, d1600-168114a  aES-MaACLjFol-Laf-269 z-- Rúst. z-- Legado de Modesto de la Fuente